Real science : (Record no. 7842)

MARC details
000 -LEADER
fixed length control field 00671nam a22002177a 4500
003 - CONTROL NUMBER IDENTIFIER
control field OSt
005 - DATE AND TIME OF LATEST TRANSACTION
control field 20220321155154.0
008 - FIXED-LENGTH DATA ELEMENTS--GENERAL INFORMATION
fixed length control field 220321b ||||| |||| 00| 0 eng d
020 ## - INTERNATIONAL STANDARD BOOK NUMBER
International Standard Book Number 052177229X
040 ## - CATALOGING SOURCE
Transcribing agency DDC
082 ## - DEWEY DECIMAL CLASSIFICATION NUMBER
Classification number 501 ZIM 2000
100 ## - MAIN ENTRY--PERSONAL NAME
Personal name Ziman,John
9 (RLIN) 15949
245 ## - TITLE STATEMENT
Title Real science :
Remainder of title what it is, and what it means
260 ## - PUBLICATION, DISTRIBUTION, ETC. (IMPRINT)
Place of publication, distribution, etc. Cambridge ; New York :
Name of publisher, distributor, etc. Cambridge University Press;
Date of publication, distribution, etc. 2000
300 ## - PHYSICAL DESCRIPTION
Extent xii, 399 pages ;
Dimensions 24 cm
504 ## - BIBLIOGRAPHY, ETC. NOTE
Bibliography, etc Includes bibliographical references and index.
650 ## - SUBJECT ADDED ENTRY--TOPICAL TERM
Topical term or geographic name as entry element Science -- Philosophy
9 (RLIN) 15950
650 ## - SUBJECT ADDED ENTRY--TOPICAL TERM
Topical term or geographic name as entry element Science -- Methodology .
9 (RLIN) 15951
650 ## - SUBJECT ADDED ENTRY--TOPICAL TERM
Topical term or geographic name as entry element Science -- methods.
9 (RLIN) 15952
942 ## - ADDED ENTRY ELEMENTS (KOHA)
Source of classification or shelving scheme Dewey Decimal Classification
Koha item type Open Shelf
Holdings
Withdrawn status Lost status Source of classification or shelving scheme Damaged status Not for loan Home library Current library Date acquired Source of acquisition Inventory number Total Checkouts Full call number Barcode Date last seen Price effective from Koha item type
    Dewey Decimal Classification     MUST Main Library MUST Main Library 21/03/2022 Purchase 03/20565   501 ZIM 2000 2022-0529 21/03/2022 21/03/2022 Open Shelf